[Event "ch-USA w 2017"]
[Site "Saint Louis USA"]
[Date "2017.04.09"]
[Round "11.4"]
[White "Zatonskih, Anna"]
[Black "Abrahamyan, Tatev"]
[Result "1/2-1/2"]
[WhiteTitle "IM"]
[BlackTitle "WGM"]
[WhiteElo "2451"]
[BlackElo "2364"]
[WhiteFideId "14101572"]
[BlackFideId "13301918"]
[EventDate "2017.03.29"]

1. e4 e6 2. d4 d5 3. exd5 exd5 4. Nf3 Bd6 5. c4 Nf6 6. Nc3 O-O 7. cxd5 Nbd7 8.
Be2 Nb6 9. Bg5 Be7 10. Bxf6 Bxf6 11. Qb3 Bg4 12. Rd1 a5 13. O-O a4 14. Qb5 Bd7
15. Qd3 Ra5 16. Ne5 Nxd5 17. Bf3 Be6 18. Ne4 c6 19. a3 Nb6 20. Qc3 Rb5 21. Nc5
Qe7 22. Nxe6 Qxe6 23. Nd3 Rb3 24. Qd2 Be7 25. Rfe1 Qf6 26. Qc1 g6 27. Nc5 Bxc5
28. dxc5 Nd5 29. Bxd5 cxd5 30. Rd2 Rd8 31. h3 d4 32. Qc4 d3 33. Qxa4 Rxb2 34.
Red1 Rxd2 35. Rxd2 Qa1+ 36. Rd1 Qa2 37. Qa5 Rd7 38. Rd2 Qa1+ 39. Kh2 Qe5+ 40. g3
Qe1 41. Qb4 Re7 42. Rb2 Qf1 43. c6 Re2 44. Qd4 Rxb2 45. Qxb2 bxc6 46. Qb8+ Kg7
47. Qe5+ Kf8 48. Qd6+ Ke8 49. Qxc6+ Ke7 50. Qc7+ Ke6 51. Qc4+ Ke5 52. f4+ Kd6
53. Qd4+ Kc6 54. Qc4+ 1/2-1/2

[Event "ch-USA w 2017"]
[Site "Saint Louis USA"]
[Date "2017.04.09"]
[Round "11.5"]
[White "Yip, Carissa"]
[Black "Feng, Maggie"]
[Result "1/2-1/2"]
[WhiteTitle "WFM"]
[BlackTitle "WCM"]
[WhiteElo "2234"]
[BlackElo "2162"]
[WhiteFideId "2090732"]
[BlackFideId "2078090"]
[EventDate "2017.03.29"]

1. e4 e6 2. d4 d5 3. Nd2 Be7 4. Ngf3 Nf6 5. e5 Nfd7 6. Bd3 c5 7. c3 b6 8. O-O
Ba6 9. Bxa6 Nxa6 10. Qe2 Nc7 11. Ne1 O-O 12. f4 f5 13. exf6 Nxf6 14. Nef3 Bd6
15. Ne5 b5 16. Kh1 Qe8 17. Rf3 b4 18. dxc5 Bxc5 19. Nd3 Qb5 20. Qe5 Bb6 21. cxb4
Ng4 22. Qe1 e5 23. a4 Qa6 24. Nxe5 Rae8 25. h3 Bd4 26. Qf1 Nxe5 27. fxe5 Rxf3
28. Qxa6 Rxh3+ 29. gxh3 Nxa6 30. Nf3 Bxe5 31. Nxe5 Rxe5 32. Bd2 Re4 33. Re1 Rh4
34. Re8+ Kf7 35. Ra8 Nxb4 36. Rxa7+ Ke6 37. Rb7 Nc6 38. b4 Rxh3+ 39. Kg2 Ra3 40.
Kf2 Rxa4 41. Rxg7 Nxb4 42. Rxh7 Nd3+ 43. Ke2 Ne5 44. Rh6+ Kd7 1/2-1/2

[Event "ch-USA w 2017"]
[Site "Saint Louis USA"]
[Date "2017.04.09"]
[Round "11.6"]
[White "Nguyen, Emily"]
[Black "Nemcova, Katerina"]
[Result "1/2-1/2"]
[WhiteTitle "WIM"]
[BlackTitle "WGM"]
[WhiteElo "2173"]
[BlackElo "2359"]
[WhiteFideId "2054000"]
[BlackFideId "322750"]
[EventDate "2017.03.29"]

1. d4 e6 2. e4 d5 3. exd5 exd5 4. Nf3 Bd6 5. Bd3 Nf6 6. O-O O-O 7. Bg5 Bg4 8.
Nbd2 Nbd7 9. c3 c6 10. Re1 Qc7 11. h3 Bh5 12. Qc2 Rfe8 13. Rxe8+ Rxe8 14. Re1
Qb8 15. Qb1 Bg6 16. Bxg6 hxg6 17. Rxe8+ Qxe8 18. Qe1 Kf8 19. Kf1 b5 20. Qxe8+
Kxe8 21. Nb3 Nb6 22. Ne1 Nc4 23. Nd3 a5 24. f3 a4 25. Nd2 Nh7 26. Nxc4 bxc4 27.
Bf4 Bxf4 28. Nxf4 Kd7 29. Kf2 Nf8 30. h4 Kd6 31. Ke3 1/2-1/2